| 000 | 00566nam a22001937a 4500 | ||
|---|---|---|---|
| 003 | OSt | ||
| 005 | 20240709151302.0 | ||
| 008 | 240709b |||||||| |||| 00| 0 eng d | ||
| 020 | _a0888643942 | ||
| 040 | _cmust | ||
| 082 | _a363.11 WIL 2003 | ||
| 100 |
_aWilson,Laird _918552 |
||
| 245 |
_aIndustrial safety and risk management/ _cLaird Wilson and Doug McCutcheon. |
||
| 260 |
_aEdmonton: _bThe university of Albert press; _cc2003. |
||
| 300 |
_axx,171p.: _bill.; _c25cm. |
||
| 650 | _2Industrial safety | ||
| 700 |
_aMcCutcheon,Doug _918553 |
||
| 942 |
_2ddc _cO_SHELF |
||
| 999 |
_c9121 _d9121 |
||